000 00683nam a2200205 i 4500
001 182785
003 ES-MaACL
005 20230906221717.0
008 131031s1975 ag |||| | spa d
100 0 _aDerrida, Jacques.
_943797
245 1 3 _aEl pensamiento de Antonin Artaud /
_cJacques Derrida, Julia Kristeva.
260 _a[S.l.] :
_bCalden,
_c1975.
300 _a124 p. ;
_c20 cm.
490 1 _aEl hombre y su mundo ;
_v18
600 0 4 _aArtaud, Antonin-
_xCrítica e interpretación.
_923423
700 1 _aKristeva, Julia.
_968861
830 0 _aEl hombre y su mundo ;
_v18
_9191851
852 _aES-MaACL
_j2328-F-13
_z.- Donativo M. A. Velasco
999 _c182785
_d182785